| 000 | 00542cam a2200181 4500500 | ||
|---|---|---|---|
| 005 | 20260405002051.0 | ||
| 041 | _afre | ||
| 042 | _adc | ||
| 100 | 1 | 0 |
_aLacroix, Alexandre _eauthor |
| 245 | 0 | 0 | _aPirater, c’est tromper ? |
| 260 | _c2015. | ||
| 500 | _a40 | ||
| 690 | _aAshley Madison | ||
| 690 | _aInfidélité | ||
| 690 | _aInternet | ||
| 786 | 0 | _nPhilosophie magazine | 93 | 10 | 2015-10-01 | p. 3-3 | 1951-1787 | |
| 856 | 4 | 1 | _uhttps://shs.cairn.info/magazine-philosophie-magazine-2015-10-page-3?lang=fr&redirect-ssocas=7080 |
| 999 |
_c2053889 _d2053889 |
||